banner-ar

THE MESSAGE OF THE SPHINX: A QUEST FOR THE HIDDEN LEGACY OF MANKIND / (Record no. 13946)

MARC details
000 -الفاتح
حقل البيانات ثابتة الطول 00545nam a2200193Ia 4500
008 - عناصر البيانات ثابتة الطول - معلومات عامة
حقل البيانات ثابتة الطول 140319s9999 xx 000 0 eng d
040 ## - مصدر الفهرسة
وكالة الفهرسة الأصلية GCL /
وكالة النسخ GCL
082 04 - رقم تصنيف ديوى العشرى
رقم التصنيف CC
رقم المادة 930.1932
-- H M
100 1# - المدخل الرئيسى - إسم شخصى
الإسم الشخصى HANCKOCK, GRAHAM
245 10 - بيان العنوان
العنوان THE MESSAGE OF THE SPHINX: A QUEST FOR THE HIDDEN LEGACY OF MANKIND /
بيان المسئوليه,etc HANCKOCK, GRAHAM
700 1# - المدخل الاضافى - اسم شخصى
الإسم الشخصى BAUVAL, ROBERT
260 ## - PUBLICATION, DISTRIBUTION, ETC. (IMPRINT)
تاريخ النشر أو التوزيع 1996
300 ## - الوصف المادى
التعداد 362 P
650 04 - المدخل الاضافى بالموضوع-مصطلح موضوعى
مصطلح موضوعي SPHINX
650 04 - المدخل الاضافى بالموضوع-مصطلح موضوعى
مصطلح موضوعي ANCIENT EGYPT - HISTORY
650 04 - المدخل الاضافى بالموضوع-مصطلح موضوعى
مصطلح موضوعي ARCHAEOLOGY
942 ## - عناصر المدخل الإضافي( كوها)
مصدر التصنيف او مخطط الترفيف Dewey Decimal Classification
Koha [default] item type كتاب
260 ## - PUBLICATION, DISTRIBUTION, ETC. (IMPRINT)
-- [S.N] :
-- CROWN PUBLISHERS ،
Holdings
حالة التراجع حالة الفقد حالة تلف ليس للاعارة المكان المؤقت الموقع الحالى تاريخ الاكتساب اجمالي اﻻعارات رقم الطلب الباركود تاريخ اخر مشاهدة تاريخ تفعيل السعر نوع وعاء كوها
        مكتبة القاهرة الكبرى مكتبة القاهرة الكبرى 03/26/2014   CC\930.1932\H M 26374 03/26/2014 03/26/2014 كتاب
        مكتبة القاهرة الكبرى مكتبة القاهرة الكبرى 03/26/2014   CC\930.1932\H M 26375 03/26/2014 03/26/2014 كتاب

Powered By

EGPV